| 000 | 00569nam a2200229Ia 4500 | ||
|---|---|---|---|
| 003 | OSt | ||
| 005 | 20221006164800.0 | ||
| 006 | a|||||r|||| 00| 0 | ||
| 007 | ta | ||
| 008 | 221006b |||||||| |||| 00| 0 eng d | ||
| 024 | _a340 | ||
| 037 | _cTextual | ||
| 040 |
_aFML _cFML _beng |
||
| 041 |
_2eng _aeng |
||
| 082 | _aNT, J8 | ||
| 100 |
_aClurman Harold Au. _9678324 |
||
| 245 | 0 | _aLies Like Truth | |
| 260 |
_aNew York _bMacmillan _c1958 |
||
| 300 |
_a300 _ccm. |
||
| 942 |
_hNT, J8 _cTEXL _2CC |
||
| 999 |
_c1118456 _d1118456 |
||